000 00248nam a2200097Ia 4500
005 20251222114401.0
008 251222s1900||||xx |||||||||||||| ||spa||
082 _aDVD0120/P77/1786
245 0 _aLe nozze di figaro: Wolfgang Amdeus Mozart:
942 _cDVD
999 _c1656
_d1656